000 00344nam a22001577a 4500
005 20160629112629.0
008 160629b xxu||||| |||| 00| 0 eng d
041 _aeng
082 _b10994
100 _aHeller, Robert
_91746
245 _aThe Winners manual
260 _bImpulse
300 _a242
650 _aManagement
_9241
942 _cBK
999 _c4601
_d4599